00485 2200193 4500001002100000008004100021035002000062245004100082100001100123260002700134300001200161020001800173084001400191082000800205650002000213990001800233990002000251990002000271INLIS000000000000900 ind  a0010-0724000900 aDunia AlambApa Ini Apa Itu?cAnisah aAnisah aSurabaya :bSIC,c2007 a28 hlm. a979.9925.32.0 a500 ANI a a500 aIlmu-Ilmu Murni aP29/CP/24/900 aP29/CP/24/900.1 aP29/CP/24/900.2